| 000 | 00534cam a2200145 4500500 | ||
|---|---|---|---|
| 005 | 20260111102035.0 | ||
| 041 | _afre | ||
| 042 | _adc | ||
| 100 | 1 | 0 |
_aPuyuelo, Rémy _eauthor |
| 245 | 0 | 0 | _aL’enfant abandonné. Guide de traitement des troubles de l’attachement, Rygaard, N., Bruxelles, De Boeck-Wesmael, 2005, 19,95 €. |
| 260 | _c2005. | ||
| 500 | _a3 | ||
| 786 | 0 | _nEmpan | 59 | 3 | 2005-09-01 | p. 204b-209b | 1152-3336 | |
| 856 | 4 | 1 | _uhttps://shs.cairn.info/revue-empan-2005-3-page-204b?lang=fr&redirect-ssocas=7080 |
| 999 |
_c1629793 _d1629793 |
||